000 00352 a2200109 4500
001 ART_4718
005 20260410161824.0
008 260409a
245 1 0 _aDel contenido del trabajo a la "cognición"
100 1 _aDIribarne, Alain
773 0 _tRevista de trabajo
_gFormación profesional - Año 1, Nº 1 (mar./abr. 1994)
_wREV4713
999 _c22601
_d22601